000 00318nam a2200145Ia 4500
100 _aMacNaughton/Edgar
942 _cBK
654 _aSteam Power
245 _aElementary Steam Power Engg
260 _bJohn Wiley & Sons
_aLondon
_c1961
082 _a621.1
_bMAC
300 _a640
546 _aENGLISH
999 _c29465
_d29465